| Tag |
First Indicator |
Second Indicator |
Subfields |
| LEADER |
00000cam a2200000 a 4500 |
| 001 |
in00000012581 |
| 005 |
20151007051847.0 |
| 008 |
860721s1987 nyua b 00000 eng |
| 010 |
|
|
|a 86018107
|
| 020 |
|
|
|a 0195042549 (alk. paper) :
|c $47.50
|
| 035 |
|
|
|a (OCoLC)14002796
|
| 035 |
|
|
|9 AAA5155AM
|
| 040 |
|
|
|a DLC
|c DLC
|d TXA
|d UtOrBLW
|
| 049 |
|
|
|a TXAM
|c [A11041529]
|
| 050 |
0 |
0 |
|a QC939.M7
|b M65 1987
|
| 082 |
0 |
|
|a 551.5/184
|2 19
|
| 245 |
0 |
0 |
|a Monsoon meteorology /
|c edited by C.-P. Chang, T.N. Krishnamurti.
|
| 264 |
|
1 |
|a New York :
|b Oxford University Press ;
|a Oxford [Oxfordshire] :
|b Clarendon Press,
|c 1987.
|
| 300 |
|
|
|a 544 pages :
|b illustrations ;
|c 27 cm.
|
| 336 |
|
|
|a text
|b txt
|2 rdacontent
|
| 337 |
|
|
|a unmediated
|b n
|2 rdamedia
|
| 338 |
|
|
|a volume
|b nc
|2 rdacarrier
|
| 490 |
1 |
|
|a Oxford monographs on geology and geophysics ;
|v no. 7
|
| 504 |
|
|
|a Includes bibliographies.
|
| 650 |
|
0 |
|a Monsoons.
|
| 700 |
1 |
|
|a Chang, C.-P.
|q (Chih-Pei)
|
| 700 |
1 |
|
|a Krishnamurti, T. N.
|q (Tiruvalam Natarajan),
|d 1932-
|
| 830 |
|
0 |
|a Oxford monographs on geology and geophysics ;
|v no. 7.
|
| 999 |
|
|
|a MARS
|
| 999 |
f |
f |
|s 76d683c8-4f92-340a-a32a-efe37e35e331
|i de82d4df-7fa3-35d0-8a1f-e19f44d84e3c
|t 0
|
| 952 |
f |
f |
|p normal
|a Texas A&M University
|b College Station
|c Sterling C. Evans Library
|d Evans: Library Stacks
|t 0
|e QC939.M7 M65 1987
|h Library of Congress classification
|i unmediated -- volume
|m A14811041529
|
| 998 |
f |
f |
|a QC939.M7 M65 1987
|t 0
|l Evans: Library Stacks
|